Niekoľko poznámok k výučbe základného kurzu štatistiky

Štatistika ako súčasť rozhodovacieho procesu. Vzťah matematiky a štatistiky. Odporúčania k výučbe štatistiky.

Salvato in:
Dettagli Bibliografici
Autore principale: Chajdiak, Jozef
Natura: Capitolo di libro
Lingua:slovacco
Soggetti:
Tags: Aggiungi Tag
Nessun Tag, puoi essere il primo ad aggiungerne!!

MARC

LEADER 00000naa$a2200000$$$4500
001 0070303
005 20220715093805.0
041 0 |a slo 
044 |a SK 
245 1 0 |a Niekoľko poznámok k výučbe základného kurzu štatistiky  |c Jozef Chajdiak 
520 |a Štatistika ako súčasť rozhodovacieho procesu. Vzťah matematiky a štatistiky. Odporúčania k výučbe štatistiky. 
610 2 0 |a štatistika 
610 2 0 |a procesy rozhodovacie 
610 2 0 |a vyučovanie 
100 1 |a Chajdiak, Jozef